<?xml version="1.0" encoding="UTF-8"?>
<marc:record xmlns:marc="http://www.loc.gov/MARC21/slim">
   <marc:leader>00000nam a2200000 a 4500</marc:leader>
   <marc:datafield ind1="1" ind2=" " tag="100">
      <marc:subfield code="a">Sobtzyk, Gerd</marc:subfield>
      <marc:subfield code="4">aut</marc:subfield>
      <marc:subfield code="e">Verfasser/-in</marc:subfield>
   </marc:datafield>
   <marc:datafield ind1="1" ind2=" " tag="100">
      <marc:subfield code="a">Stöcker, Uwe</marc:subfield>
      <marc:subfield code="4">aut</marc:subfield>
      <marc:subfield code="e">Verfasser/-in</marc:subfield>
   </marc:datafield>
   <marc:datafield ind1=" " ind2=" " tag="653">
      <marc:subfield code="a">Schulanfang</marc:subfield>
   </marc:datafield>
   <marc:datafield ind1=" " ind2=" " tag="653">
      <marc:subfield code="a">Schreibenlernen</marc:subfield>
   </marc:datafield>
   <marc:datafield ind1=" " ind2=" " tag="653">
      <marc:subfield code="a">Jugendbuch / Geschichten</marc:subfield>
   </marc:datafield>
   <marc:datafield ind1=" " ind2=" " tag="653">
      <marc:subfield code="a">Reime</marc:subfield>
   </marc:datafield>
   <marc:datafield ind1=" " ind2=" " tag="653">
      <marc:subfield code="a">Lieder</marc:subfield>
   </marc:datafield>
   <marc:datafield ind1=" " ind2=" " tag="653">
      <marc:subfield code="a">Bilderbuch</marc:subfield>
   </marc:datafield>
   <marc:datafield ind1="0" ind2="0" tag="245">
      <marc:subfield code="a">Die Geschichte von Bleistift, Radiergummi und Spitzer</marc:subfield>
   </marc:datafield>
   <marc:datafield ind1="0" ind2="0" tag="245">
      <marc:subfield code="c">Gerd Sobtzyk ; Uwe Stöcker. Ill. von Heike Georgi</marc:subfield>
   </marc:datafield>
   <marc:datafield ind1=" " ind2="1" tag="264">
      <marc:subfield code="a">Pesterwitz</marc:subfield>
      <marc:subfield code="b">Alwis-Verl.</marc:subfield>
      <marc:subfield code="c">2006</marc:subfield>
   </marc:datafield>
   <marc:datafield ind1="1" ind2=" " tag="520">
      <marc:subfield code="a">Angaben aus der Verlagsmeldung

Die Geschichte von Bleistift, Radiergummi und Spitzer / von Gerd Sobtzyk, Uwe Stöcker

Der kleine Sebastian hat keine Lust zum Lernen. Jeden Tag soll er Schreiben und Lesen üben und dabei auch noch still sitzen. Viel lieber würde er mit seinen Freunden im Garten spielen.
Eines Tages kauft Bastis Mutter einen neuen Bleistift, einen dicken Radiergummi und einen Spitzer. Die Drei müssen am eigenen Leib erfahren, was es bedeutet, nicht besonders geliebt zu werden. Doch wie sollen sie es dem kleinen Jungen beibringen?
Bleistift, Radiergummi und Spitzer sind ratlos, bis zu dem Tag …

Eine Geschichte zum Schmunzeln und Nachdenken nicht nur für Schulanfänger. Manche Eltern werden sich damit trösten, mit ihren ähnlichen Erfahrungen im Alltag nicht allein zu sein… … und warten schon lange auf solch einen besonderen Tag.
</marc:subfield>
   </marc:datafield>
   <marc:datafield ind1=" " ind2=" " tag="020">
      <marc:subfield code="a">9783938932032</marc:subfield>
      <marc:subfield code="9">9783938932032</marc:subfield>
   </marc:datafield>
   <marc:datafield ind1=" " ind2=" " tag="020">
      <marc:subfield code="a">3938932031</marc:subfield>
      <marc:subfield code="9">3938932031</marc:subfield>
   </marc:datafield>
   <marc:datafield ind1=" " ind2=" " tag="041">
      <marc:subfield code="a">ger</marc:subfield>
   </marc:datafield>
   <marc:datafield ind1=" " ind2=" " tag="300">
      <marc:subfield code="a">35 S.</marc:subfield>
   </marc:datafield>
</marc:record>
